000 00418nam a2200157Ia 4500
005 20250606015529.0
008 240331s9999 xx 000 0 und d
020 _a9556520399
082 _bHEM
_a306
100 _aHemantha Kumara, N.V.G.A
245 0 _aPawula ha vivahaya
260 _aWarakapola
_bWijayasooriya Grantha kentharaiya
_c2001
300 _a186 P .,
500 _aA book on Family & Marriage
942 _cL
999 _c2093
_d2093